Indian social system. (Record no. 97248)

MARC details
000 -LEADER
fixed length control field 00357nam a2200145Ia 4500
008 - FIXED-LENGTH DATA ELEMENTS--GENERAL INFORMATION
fixed length control field 210210b1993 xxu||||| |||| 00| 0 eng d
020 ## - INTERNATIONAL STANDARD BOOK NUMBER
International Standard Book Number 81 7033 196 4
082 ## - DEWEY DECIMAL CLASSIFICATION NUMBER
Classification number 306.0954 AHUI
100 ## - MAIN ENTRY--PERSONAL NAME
Personal name AHUJA (Ram).
245 ## - TITLE STATEMENT
Title Indian social system.
260 ## - PUBLICATION, DISTRIBUTION, ETC.
Place of publication, distribution, etc. Delhi
Name of publisher, distributor, etc. Rawat Publications.
Date of publication, distribution, etc. 1993
300 ## - PHYSICAL DESCRIPTION
Extent 458
690 ## - LOCAL SUBJECT ADDED ENTRY--TOPICAL TERM (OCLC, RLIN)
Topical term or geographic name as entry element Indian Society
906 ## - LOCAL DATA ELEMENT F, LDF (RLIN)
a 048050
Holdings
Withdrawn status Lost status Damaged status Not for loan Collection code Home library Current library Shelving location Date acquired Cost, normal purchase price Total Checkouts Full call number Barcode Date last seen Price effective from Koha item type
          St Aloysius Library St Aloysius Library   02/17/2021 425.00   306.0954 AHUI 048050 02/17/2021 02/17/2021 Book